ბათუმის შოთა რუსთაველის სახელმწიფო უნივერსიტეტის ბიბლიოთეკა

Древние и раннесредневековые монеты историко-культурных областей Узбекистана : (ბიბ.ჩანაწერი № 61179)

000 -LEADER
fixed length control field 00633nam a22001577a 4500
005 - DATE AND TIME OF LATEST TRANSACTION
control field 20231227124854.0
008 - FIXED-LENGTH DATA ELEMENTS--GENERAL INFORMATION
fixed length control field 231227s2002 ru ||||| |||| 00| 0 rus d
041 ## - LANGUAGE CODE
Language code of text/sound track or separate title rus
080 ## - UNIVERSAL DECIMAL CLASSIFICATION NUMBER
Universal Decimal Classification number 902.6: 737(575.1) P-81
100 ## - MAIN ENTRY--PERSONAL NAME
Personal name Ртвеладзе, Э.В.
9 (RLIN) 20918
245 ## - TITLE STATEMENT
Title Древние и раннесредневековые монеты историко-культурных областей Узбекистана :
Remainder of title Том 1 /
Statement of responsibility, etc. Э.В. Ртвеладзе.
264 ## - PRODUCTION, PUBLICATION, DISTRIBUTION, MANUFACTURE, AND COPYRIGHT NOTICE
Place of production, publication, distribution, manufacture Ташкент,
Date of production, publication, distribution, manufacture, or copyright notice 2002.
653 ## - INDEX TERM--UNCONTROLLED
keyword უზბეკეთის მონეტები
653 ## - INDEX TERM--UNCONTROLLED
keyword ისტორია
942 ## - ADDED ENTRY ELEMENTS (KOHA)
Source of classification or shelving scheme
Koha item type წიგნი
ეგზემპლარები
Withdrawn status Lost status Source of classification or shelving scheme Damaged status Not for loan Permanent Location Current Location Shelving location Date acquired Cost, normal purchase price Full call number Barcode Date last seen Copy number Uniform Resource Identifier Price effective from Koha item type Public note
          ბათუმის შოთა რუსთაველის სახელმწიფო უნივერსიტეტის მთავარი ბიბლიოთეკა ბათუმის შოთა რუსთაველის სახელმწიფო უნივერსიტეტის მთავარი ბიბლიოთეკა წიგნსაცავი 2023-12-27 10.00 902.6: 737(575.1) P-81 65698 2023-12-27 65698 ბსუ-ს საპატიო დოქტორის გურამ ლორთქიფანიძის საჩუქარი 2023-12-27 წიგნი 10 ლ.